|
|
|
|
| LEADER |
02068nam a2200493 a 4500 |
| 001 |
000762061 |
| 003 |
CZ BrMZK |
| 005 |
20190918141439.0 |
| 007 |
ta |
| 008 |
050201s2004 xr fr 100 0 eng d |
| 015 |
|
|
|a cnb001498117
|
| 020 |
|
|
|a 80-7194-710-5
|q (brož.)
|
| 035 |
|
|
|a (OCoLC)85135459
|
| 040 |
|
|
|a BOA001
|b cze
|
| 045 |
|
|
|a x-x-
|
| 072 |
|
7 |
|a 82.0
|x Literatura (teorie)
|2 Konspekt
|9 11
|
| 080 |
|
|
|a 821(100)
|2 MRF
|
| 080 |
|
|
|a 82.02"1960/20.."
|2 MRF
|
| 080 |
|
|
|a 82.07
|2 MRF
|
| 080 |
|
|
|a 82:316.3
|2 MRF
|
| 080 |
|
|
|a (062.534)
|2 MRF
|
| 111 |
2 |
|
|a Nové interpretace kulturních fenoménů (konference)
|d (2004 :
|c Pardubice, Česko)
|7 kn20050502042
|
| 245 |
1 |
0 |
|a Nové interpretace kulturních fenoménů =
|b New interpretations of cultural phenomena : sborník příspěvků, Univerzita Pardubice, 3. listopadu 2004 /
|c Šárka Bubíková, Olga Zderadičková, Michael M. Kaylor (ed.)
|
| 246 |
3 |
1 |
|a New interpretations of cultural phenomena
|
| 250 |
|
|
|a Vyd. 1.
|
| 260 |
|
|
|a Pardubice :
|b Univerzita Pardubice, Fakulta humanitních studií,
|c 2004
|
| 300 |
|
|
|a 67 s. ;
|c 21 cm
|
| 500 |
|
|
|a 50 výt.
|
| 504 |
|
|
|a Obsahuje bibliografie a bibliografické odkazy
|
| 546 |
|
|
|a Anglický text, částečně český
|
| 648 |
|
7 |
|a 20. století
|7 ch460558
|
| 650 |
0 |
7 |
|a světová literatura
|7 ph116360
|y 20. století
|2 czenas
|
| 650 |
0 |
7 |
|a postmodernismus (literatura)
|7 ph124406
|2 czenas
|
| 650 |
0 |
7 |
|a interpretace a přijetí literárního díla
|7 ph137145
|2 czenas
|
| 650 |
0 |
7 |
|a literatura a společnost
|7 ph122371
|y 20. století
|2 czenas
|
| 655 |
|
7 |
|a sborníky konferencí
|7 fd133333
|2 czenas
|
| 700 |
1 |
|
|a Bubíková, Šárka,
|d 1970-
|7 mzk2006337215
|4 edt
|
| 700 |
1 |
|
|a Zderadičková, Olga
|7 mzk2006337216
|4 edt
|
| 700 |
1 |
|
|a Kaylor, Michael Matthew,
|d 1968-
|7 mzk2006337217
|4 edt
|
| 710 |
2 |
|
|a Univerzita Pardubice.
|b Fakulta humanitních studií
|7 kn20010709385
|
| 910 |
|
|
|a BOA001
|b 2-1146.983
|
| 990 |
|
|
|a BK
|
| 991 |
|
|
|b 200503
|c NOV
|
| 996 |
6 |
|
|b 2610240663
|c 2-1146.983
|l MZK
|r Sklad / do 1 hodiny
|n 3
|p p.v.
|w 000762061
|u 000010
|a 1
|e BOA001
|j MZK50
|s P
|